[Event "Montreal int"]
[Site "Montreal"]
[Date "1980.??.??"]
[Round "?"]
[White "Hebert, Jean"]
[Black "Zurowski, Henry"]
[Result "1-0"]
[WhiteElo "2360"]
[BlackElo "2230"]
[PlyCount "69"]
[EventDate "1980.??.??"]
[EventType "tourn"]
[EventRounds "9"]
[EventCountry "CAN"]
[SourceTitle "EXT 1998"]
[Source "ChessBase"]
[SourceDate "1997.11.17"]
[SourceVersion "1"]
[SourceVersionDate "1997.11.17"]
[SourceQuality "1"]

1. d4 Nf6 2. c4 c5 3. d5 b5 4. cxb5 a6 5. Nc3 d6 6. e3 g6 7. Nf3 Bg7 8. a4 0-0 9. Ra3 axb5 10. Bxb5 Na6 11. 0-0 Nb4 12. e4 Bg4 13. Be2 Qb8 14. h3 Bc8 15. Nd2 Nd7 16. f4 Ba6 17. Bxa6 Rxa6 18. Nb5 Nb6 19. b3 f5 20. exf5 Rxf5 21. Ne4 N6xd5 22. Qe2 h6 23. Ng3 Rf8 24. f5 Qe8 25. Bd2 Qf7 26. Qe4 g5 27. Qb1 Be5 28. Ne4 Qh5 29. Nf2 Qe2 30. Bxb4 Nxb4 31. Ng4 Bg7 32. f6 exf6 33. Qg6 Qd3 34. Nxh6+ Kh8 35. Nf5 1-0

[Event "Quebec op"]
[Site "Montreal"]
[Date "1979.07.23"]
[Round "7"]
[White "Lemyre, Pierre"]
[Black "Zurowski, Henry"]
[Result "1-0"]
[WhiteElo "2128"]
[BlackElo "1938"]
[PlyCount "47"]
[EventDate "1979.07.17"]
[EventType "swiss"]
[EventRounds "8"]
[EventCountry "CAN"]
[SourceTitle "EXT 2022"]
[Source "ChessBase"]
[SourceDate "2021.10.06"]
[SourceVersion "1"]
[SourceVersionDate "2021.10.06"]
[SourceQuality "1"]

1. e4 c5 2. Nf3 g6 3. d4 Bg7 4. c4 cxd4 5. Nxd4 Nc6 6. Be3 Nf6 7. Nc3 Ng4 8. Qxg4 Nxd4 9. Qd1 Ne6 10. Rc1 d6 11. Bd3 0-0 12. 0-0 Nc5 13. Bb1 a5 14. f4 b6 15. f5 Bb7 16. Bg5 h6 17. Be3 Nd7 18. Qd2 Kh7 19. Nd5 Bxd5 20. exd5 Ne5 21. Bd4 Nd7 22. fxg6+ fxg6 23. Bxg6+ Kg8 24. Bb1 1-0

[Event "Montreal op"]
[Site "Montreal"]
[Date "1978.??.??"]
[Round "?"]
[White "Hebert, Jean"]
[Black "Zurowski, Henry"]
[Result "1-0"]
[WhiteElo "2255"]
[BlackElo "2245"]
[PlyCount "125"]
[EventDate "1978.09.02"]
[EventType "tourn"]
[EventRounds "6"]
[EventCountry "CAN"]
[SourceTitle "EXT 2002"]
[Source "ChessBase"]
[SourceDate "2001.11.25"]
[SourceVersion "1"]
[SourceVersionDate "2001.11.25"]
[SourceQuality "1"]

1. e4 c5 2. Nf3 g6 3. d4 cxd4 4. Nxd4 Nc6 5. c4 Bg7 6. Be3 Nf6 7. Nc3 d6 8. Be2 Bd7 9. 0-0 Nxd4 10. Bxd4 Bc6 11. Nd5 e5 12. Be3 Nxe4 13. Bf3 Nf6 14. Nxf6+ Qxf6 15. Bxc6+ bxc6 16. Qa4 Rc8 17. Qxa7 0-0 18. a4 e4 19. Rad1 Qe6 20. b3 Rb8 21. Bb6 d5 22. cxd5 cxd5 23. a5 Ra8 24. Qb7 d4 25. Rfe1 Qxb3 26. Qxe4 Qc3 27. Qd5 Rfe8 28. Rf1 Rec8 29. g3 Qc4 30. Qd6 Qc6 31. Qf4 Qd5 32. h4 Be5 33. Qg5 f6 34. Qg4 Rc4 35. Rd3 f5 36. Qe2 Qe4 37. Re1 Qxe2 38. Rxe2 Bf6 39. Ra2 Kf7 40. Kf1 Ra6 41. Ke2 Ke6 42. Rb3 Kd5 43. Kd3 Rc1 44. Rb5+ Kc6 45. Rb4 Kd5 46. Raa4 Rf1 47. Ke2 Rc1 48. Kd2 Rf1 49. Bxd4 Bxd4 50. Rxd4+ Kc5 51. Ke2 Rb1 52. Kf3 Rb2 53. Rac4+ Kb5 54. Rc7 Rxa5 55. Rxh7 Kc5 56. Rf4 Raa2 57. Kg2 Kd5 58. Rh6 Ra6 59. Rxf5+ gxf5 60. Rxa6 f4 61. g4 Ke4 62. Re6+ Kd5 63. Re8 1-0